| 000 | 00862cam a2200289 i 4500 | ||
|---|---|---|---|
| 001 | 200461042 | ||
| 003 | TR-AnTOB | ||
| 005 | 20241115172029.0 | ||
| 007 | ta | ||
| 008 | 711012t19661966nyuad b 001 0 eng d | ||
| 040 |
_aDLC _beng _erda _cDLC _dOCLCQ _dLVB _dCCV _dAU@ _dGBVCP _dOCLCO _dTR-AnTOB |
||
| 041 | 0 | _aeng | |
| 050 | 0 | 0 |
_aQD501 _b.W374 1966 |
| 090 |
_aQD501 _b.W374 1966 TıpFaK |
||
| 100 | 1 |
_aWaser, Jürg, _d1951- _eauthor _9145798 |
|
| 245 | 1 | 0 |
_aBasic chemical thermodynamics / _cJürg Waser. |
| 264 | 1 |
_aNew York : _bW.A. Benjamin, _c1966. |
|
| 264 | 4 | _c©1966 | |
| 300 |
_axvi, 278 pages : _billustrations, tables ; _c22 cm |
||
| 336 |
_atext _btxt _2rdacontent |
||
| 337 |
_aunmediated _bn _2rdamedia |
||
| 338 |
_avolume _bnc _2rdacarrier |
||
| 504 | _aBIBINDX | ||
| 650 | 0 |
_aThermodynamics _989238 |
|
| 942 |
_2lcc _cBK |
||
| 999 |
_c200461042 _d79254 |
||